Statistics for New Zealand Rugby All Blacks -Top Pointscorer by Year 60s and 70s

Click here to take the quiz!

General Stats

  • This quiz has been taken 33 times
  • The average score is 14 of 22

Answer Stats

YearPointsPlayer% Correct
196019Don Clarke
90%
196229Don Clarke
90%
196324Don Clarke
90%
196416Don Clarke
90%
196126Don Clarke
90%
196847Fergie McCormick
87%
196931Fergie McCormick
87%
196732Fergie McCormick
87%
197935Bevan Wilson
80%
1975 (equal)8Bryan Williams
73%
1976 (equal)12Bryan Williams
73%
197720Bryan Williams
73%
197835Brian McKechnie
60%
1976 (equal)12Sid Going
60%
197118Laurie Mains
53%
197310Joe Karam
30%
197430Joe Karam
30%
1975 (equal)8Joe Karam
30%
196637Mick Williment
30%
196511Mick Williment
30%
197014Gerald Kember
17%
197233Trevor Morris
7%

Score Distribution

Percentile by Number Answered

Percent of People with Each Score

Your Score History

You have not taken this quiz